=LDR 00000nam 2200000 4500 =001 INLIS000000000019187 =005 20160224112807.0 =006 =007 =008 Ind =035 ##$$0010-061300000019187 =041 ##$$a Ind =082 ##$$a 657.48 =090 ##$$a 657.48, Has a =100 ##$$a Hasim, Abdul =245 ##$$a Akuntansi sektor publik, akuntansi keuangan daerah, oleh Prof. Dr. Abdul Halim, M.BA =260 ##$$a 1997 $b Jakarta =300 ##$$a xiii, 219 hlm, ilus, 26 cm =650 ##$$a Akuntansi-Keuangan =850 ##$$a NBPNMAT =990 ##$$a 93558/BPAP-NTB/2014 =990 ##$$a 4419444194 =990 ##$$a 20602922 =990 ##$$a 93558/BPAP-NTB/2014 =990 ##$$a 000900466